The Axiomatics of Economic Design, Vol. 1: An Introduction to Theory and Methods (Record no. 46573)

MARC details
000 -LEADER
fixed length control field 00501nam a22001697a 4500
005 - DATE AND TIME OF LATEST TRANSACTION
control field 20260513165622.0
008 - FIXED-LENGTH DATA ELEMENTS--GENERAL INFORMATION
fixed length control field 260513b |||||||| |||| 00| 0 eng d
020 ## - INTERNATIONAL STANDARD BOOK NUMBER
International Standard Book Number 9783031293979
041 ## - LANGUAGE CODE
Language code of text/sound track or separate title Eng
082 ## - DEWEY DECIMAL CLASSIFICATION NUMBER
Classification number 330.1 THO
100 ## - MAIN ENTRY--PERSONAL NAME
Author Thomson, William
245 ## - TITLE STATEMENT
Title The Axiomatics of Economic Design, Vol. 1: An Introduction to Theory and Methods
260 ## - PUBLICATION, DISTRIBUTION, ETC.
Place Switzerland
Publisher Springer
Publication Year 2023
300 ## - PHYSICAL DESCRIPTION
Extent 313;. P. 23 cm
650 ## - SUBJECT ADDED ENTRY--TOPICAL TERM
Subject Economics--Methodology; Axiomatic set theory
942 ## - ADDED ENTRY ELEMENTS (KOHA)
Koha item type Books
Holdings
Withdrawn status Lost status Source of classification or shelving scheme Damaged status Not for loan Home library Current library Shelving location Accession Date Vendor Price Bill number Total Checkouts Full call number Barcode No Date last seen Discount Cost, replacement price Bill Date Koha item type Suggested By
    Dewey Decimal Classification     IMTN IMTN Rack 7-A 05/13/2026 Raghav Books Private Limited 6738.68 2630   330.1 THO 34040 05/13/2026 33 4514.92 05/13/2026 Books Recommended by Dr Veena Pailwar
Designed & Maintained by: LRC IMT Nagpur Contact: lrc@imtnag.ac.in© 2024. All Rights Reserved.